Normal view
MARC view
- المرأة-الاردن- اصول اجتماعية
Entry Topical Term
001 - CONTROL NUMBER
- control field: 61137
003 - CONTROL NUMBER IDENTIFIER
- control field: JO-AjAnu
005 - DATE AND TIME OF LATEST TRANSACTION
- control field: 20230606084006.0
008 - FIXED-LENGTH DATA ELEMENTS
- fixed length control field: 230606|| aca||aabn | a|a d
040 ## - CATALOGING SOURCE
- Original cataloging agency: JO-AjAnu
- Transcribing agency: JO-AjAnu
150 ## - HEADING--TOPICAL TERM
- Topical term or geographic name entry element: المرأة-الاردن- اصول اجتماعية
670 ## - SOURCE DATA FOUND
- Source citation: Work cat.: (JO-AjAnu)31183: حكمت، نجمية , author 61136, رحلتي مع الزمن: خمسة وستون عاما من حياة إمراة أردنية